000 00682nam a2200289Ia 4500
005 20260324120605.0
008 008 260324s9999 xx 000 0 eng d
020 _a9780203793619
037 _aEBOOK
040 _aCRL
040 _beng
040 _cCRL
041 _2eng
041 _aeng
084 _qCRL
100 _aEdwin Van de Haar
_91159180
245 0 _aDegrees of Freedom
245 0 _bLiberal Political Philosophy and Ideology
260 _bTaylor and Francis
260 _c2015
365 _a
365 _b145
856 _uhttp://www.taylorfrancis.com/books/9780203793619
942 _cEBOOK
999 _c1750796
_d1750796